Návrh opatrení pre výber a prijímanie zamestnancov v podniku Slovenské elektrárne, a.s., Bratislava

Saved in:
Bibliographic Details
Main Author: Kníž, Marián (Author)
Other Authors: Holeček, Jaroslav (Thesis advisor)
Format: Manuscript Book
Language:Slovak
Published: 2015
Subjects:
Online Access:http://is.stuba.sk/zp/portal_zp.pl?podrobnosti=96699
Tags: Add Tag
No Tags, Be the first to tag this record!

MARC

LEADER 00000ntm a22000003a 4500
001 stuzp50060
003 SK-STU
005 20160719153438.9
007 ta
008 150427s2015----xo-----f-mn---000-0-slo-d
040 |a STU  |b slo 
041 0 |a slo 
100 1 |a Kníž, Marián  |u 064000  |4 aut  |U MTF Materiálovotechnologická fakulta  |T MTF Ústav priemyselného inžinierstva a manažmentu  |X 47276  |U M4000  |Y 84  |7 47276 
242 0 1 |a Proposal of measures for selection and hiring of employees in Slovenské elektrárne, a.s., Bratislava  |y eng 
245 1 0 |a Návrh opatrení pre výber a prijímanie zamestnancov v podniku Slovenské elektrárne, a.s., Bratislava 
260 |c 2015 
650 4 |a výber zamestnancov  |2 slo 
650 4 |a prijímanie zamestnancov  |2 slo 
650 4 |a metódy  |2 slo 
650 4 |a opatrenia  |2 slo 
650 4 |a selection of employees  |2 eng 
650 4 |a hiring of employees  |2 eng 
650 4 |a methods  |2 eng 
650 4 |a measures  |2 eng 
700 1 |a Holeček, Jaroslav  |4 ths  |X 53298  |7 A000053298 
856 4 |u http://is.stuba.sk/zp/portal_zp.pl?podrobnosti=96699 
996 |c M* BP-7346  |l MMSKP  |s P  |a 0  |w stuzp50060_0001 
SQL |a stuzp50060  |b DBP  |c SLO  |d Návrh opatrení pre výber a prijímanie zamestnancov v podniku Slovenské elektrárne, a.s., Bratislava  |e 47276  |f Kníž, Marián  |g 064000  |h 53298  |i Holeček, Jaroslav  |j 20150623  |k 173  |l 06  |m http://is.stuba.sk/zp/portal_zp.pl?podrobnosti=96699  |n B-PPP  |o 5.2.52. priemyselné inžinierstvo